000 00264nam a22001217a 4500
999 _c2626
_d2626
082 _a297
100 _aAdeel Zeerak
245 _aWomen Feminism and Islam
260 _aKarachi
_bAbrar Sons
_c2014
300 _a250
650 _aIslamic Publication
942 _cBK